| 000 | 01471cam a22003375i 4500 | ||
|---|---|---|---|
| 999 |
_c27635 _d27606 |
||
| 001 | 015605425 | ||
| 003 | EG-ScBUE | ||
| 005 | 20190922121848.0 | ||
| 008 | 100713r20132011enk f b 001 0 eng d | ||
| 020 | _a9780199576784 (pbk.) | ||
| 040 |
_aStDuBDS _beng _erda _cStDuBDS _dUk _dEG-ScBUE |
||
| 082 | 0 | 4 |
_a345 _bCAS _222 |
| 100 | 1 |
_aCassese, Antonio, _eauthor. |
|
| 245 | 1 | 0 |
_aInternational criminal law : _bcases & commentary / _cby Antonio Cassese, Guido Acquaviva, Mary Fan, and Alex Whiting. |
| 264 | 1 |
_aOxford ; _aNew York : _bOxford University Press, _c2013. |
|
| 300 |
_axlix, 592 p. ; _c25 cm |
||
| 336 |
_atext _btxt _2rdacontent |
||
| 337 |
_aunmediated _bn _2rdamedia |
||
| 338 |
_avolume _bnc _2rdacarrier |
||
| 500 | _aReprinted edition 2011. | ||
| 504 | _aIncludes bibliographical references and index. | ||
| 520 | _aInternational Criminal Law: Cases and Commentary presents a comprehensive practice-oriented explanation of the development of major areas in substantive international criminal law through a selection of key illustrative cases from domestic and international jurisdictions. | ||
| 650 | 7 |
_aInternational crimes. _2BUEsh _940472 |
|
| 650 | 7 |
_aInternational criminal law _vCases. _2BUEsh |
|
| 653 |
_bMASPPSS _bLLAAWW _cSeptember2019 |
||
| 700 | 1 |
_aAcquaviva, Guido, _eauthor. |
|
| 700 | 1 |
_aFan, Mary, _eauthor. |
|
| 700 | 1 |
_aWhiting, Alex, _eauthor. |
|
| 856 | 4 | 2 | _uhttps://global.oup.com/uk/orc/law/criminal/casseseicl_cc/ |
| 942 |
_2ddc _cBB |
||